MENTO IN CHEMISTRY - XII (Record no. 11191)

MARC details
000 -LEADER
fixed length control field 00304nam a22000977a 4500
008 - FIXED-LENGTH DATA ELEMENTS--GENERAL INFORMATION
fixed length control field 181009b ||||| |||| 00| 0 eng d
020 ## - INTERNATIONAL STANDARD BOOK NUMBER
International Standard Book Number 9788182966819
100 ## - MAIN ENTRY--PERSONAL NAME
Personal name GABA, ROHIT
9 (RLIN) 6948
245 ## - TITLE STATEMENT
Title MENTO IN CHEMISTRY - XII
Remainder of title In Question Answer Form (CBSE SYLLABUS)
260 ## - PUBLICATION, DISTRIBUTION, ETC. (IMPRINT)
Place of publication, distribution, etc. NEW DELHI
Name of publisher, distributor, etc. ARYA PUBLICATION
Date of publication, distribution, etc. 2018
Holdings
Withdrawn status Lost status Source of classification or shelving scheme Damaged status Koha normalized classification for sorting Not for loan Home library Current library Shelving location Date acquired Total Checkouts Full call number Barcode Date last seen Date last checked out Price effective from Koha item type
    Dewey Decimal Classification   GAB_540_000000000000000   Good Samaritan School Library Good Samaritan School Library Chemistry 10/09/2018 3 GAB540 GAB15143 04/24/2025 04/11/2025 10/09/2018 BOOK

Powered by Koha